000 00641nam a2200193 4500
001 000000179
005 20200929145314.0
008 081112nuuuuuuuudr 000 0 spa d
040 _aDO-SdBNP
_bspa
_cBNPHU
082 _aRD863.5
_bG354d
100 0 _aGeraldo W. T
_9571
245 1 3 _aEl diario de Judas Iscariotes /
_cGeraldo W. T.
260 _a[Santo Domingo] :
_bVIP Editorial,
_c[200-].
300 _a244 p. ;
_c22 cm.
590 _aLa biblioteca posee un ejemplar autografiado por el autor
650 4 _aNovela religiosa dominicana
_9572
650 4 _aLiteratura religiosa dominicana
_9573
910 _aValidado. Control de calidad MMOLINA
999 _c179
_d179